Vista normal Vista MARC

Entrada Título uniforme

Número de registros utilizados en: 1

001 - NÚMERO DE CONTROL

  • campo de control: 4244

003 - IDENTIFICADOR DE NÚMERO DE CONTROL

  • campo de control: PE-LiUPU

005 - FECHA Y HORA DE LA ÚLTIMA TRANSACCIÓN

  • campo de control: 20240703150721.0

008 - ELEMENTOS DE DATO DE LONGITUD-FIJA

  • campo de control de longitud fija: 240703|| aca||aabn | a|a d

040 ## - FUENTE DE CATALOGACIÓN

  • Centro catalogador/agencia de origen: PE-LiUPU

130 ## - ENCABEZAMIENTO--TÍTULO UNIFORME

  • Título uniforme: Convenio sobre Pueblos Indígenas y Tribales en Países Independientes
  • Subdivisión cronológica: (1989).